Faculty of Law Library — Cairo University

Official Online Catalog

المسئولية الجنائية فى جرائم المبانى طبقا لأحدث التعديلات. (Record no. 76740)

MARC details
000 -LEADER
fixed length control field 01981nam a2200325 i 4500
003 - CONTROL NUMBER IDENTIFIER
control field EG-GICUC
005 - DATE AND TIME OF LATEST TRANSACTION
control field 20260513125555.0
008 - FIXED-LENGTH DATA ELEMENTS--GENERAL INFORMATION
fixed length control field 260513s1999 ua ||||fr|||| 00| 0 ara d
040 ## - CATALOGING SOURCE
Original cataloging agency EG-GICUC
Language of cataloging ara
Transcribing agency EG-GICUC
Modifying agency EG-GICUC
Description conventions rda
041 ## - LANGUAGE CODE
Language code of text/sound track or separate title ara
Language code of original ara
082 04 - DEWEY DECIMAL CLASSIFICATION NUMBER
Edition number 21
Classification number 343.471
Item number ح ا . م
092 04 - LOCALLY ASSIGNED DEWEY CALL NUMBER (OCLC)
Edition number 21
099 ## - LOCAL FREE-TEXT CALL NUMBER (OCLC)
Classification number Law1 10 343.471 ح ا . م 1999
100 0# - MAIN ENTRY--PERSONAL NAME
Personal name حامد الشريف
Relator term مؤلف.
245 12 - TITLE STATEMENT
Title المسئولية الجنائية فى جرائم المبانى طبقا لأحدث التعديلات.
Statement of responsibility, etc. تأليف دكتور حامد الشريف.
Number of part/section of a work الجزء الثانى ،
Name of part/section of a work أحكام المسئولية الجنائية والعقوبة والعقاب - الطعن بالنقض وصيغ النقض الجنائي وطلبات الدفاع - مخالفات الجراجات [الأماكن المخصصة لإيواء السيارات] - أحكام الشخص الاعتباري وأحكام وثيقة التأمين - التصالح في المبانى وقواعد الأرتفاعات والقرارت الجديدة - نماذج عملية للمذكرات في جرائم المبانى [24 مذكرة]
264 #1 - PRODUCTION, PUBLICATION, DISTRIBUTION, MANUFACTURE, AND COPYRIGHT NOTICE
Place of production, publication, distribution, manufacture الإسكندرية :
Name of producer, publisher, distributor, manufacturer المكتبة العالمية،
Date of production, publication, distribution, manufacture, or copyright notice [1999].
300 ## - PHYSICAL DESCRIPTION
Extent 1572 صفحة ;
Dimensions 25 سم.
Other physical details إيضاحيات، صور، مثيليات ؛
336 ## - CONTENT TYPE
Source rda content
Content type term text
337 ## - MEDIA TYPE
Source rda media
Media type term Computer
338 ## - CARRIER TYPE
Source rda carrier
Carrier type term Online Resource
490 ## - SERIES STATEMENT
Series statement المسئولية الجنائية فى جرائم المبانى طبقا لأحدث التعديلات ;
Volume/sequential designation الجزء الثانى.
504 ## - BIBLIOGRAPHY, ETC. NOTE
Bibliography, etc. note يشتمل على إرجاعات ببليوجرافية.
546 ## - LANGUAGE NOTE
Language note النص باللغة العربية
650 1# - SUBJECT ADDED ENTRY--TOPICAL TERM
Topical term or geographic name entry element القانون الجنائي
Source of heading or term qrmak
650 1# - SUBJECT ADDED ENTRY--TOPICAL TERM
Topical term or geographic name entry element التشريعات المتعلقة بالمباني والإسكان
Source of heading or term qrmak
651 1# - SUBJECT ADDED ENTRY--GEOGRAPHIC NAME
Source of heading or term qrmak
856 40 - ELECTRONIC LOCATION AND ACCESS
Uniform Resource Identifier <a href="https://fll.law.cu.edu.eg/fulltext/bks/B10-12046.pdf">https://fll.law.cu.edu.eg/fulltext/bks/B10-12046.pdf</a>
905 ## - Cataloger and Reviser Names
Cataloger Name: Gomana
942 ## - ADDED ENTRY ELEMENTS (KOHA)
Source of classification or shelving scheme Dewey Decimal Classification
Suppress in OPAC No
Koha item type Books
Edition 21
Holdings
Withdrawn status Lost status Source of classification or shelving scheme Materials specified (bound volume or other part) Damaged status Not for loan Collection Home library Current library Date acquired Total checkouts Full call number Barcode Date last seen Copy number Price effective from Koha item type
    Dewey Decimal Classification V2   Not for loan القانون الجنائي جــــامعة القــاهرة مكتبة كلية الحقوق - المبنى الرئيسي 13.05.2026   Law1 10 343.471 ح ا . م 1999 1012046 V2, C1 B10-12046 13.05.2026 1 13.05.2026 Books

© All rights reserved — Faculty of Law, Cairo University